An introduction to Medical Laboratory Technology (Record no. 8158)

MARC details
000 -LEADER
fixed length control field 00645nam a22002177a 4500
003 - CONTROL NUMBER IDENTIFIER
control field OSt
005 - DATE AND TIME OF LATEST TRANSACTION
control field 20230927131633.0
008 - FIXED-LENGTH DATA ELEMENTS--GENERAL INFORMATION
fixed length control field 230927b |||||||| |||| 00| 0 eng d
020 ## - INTERNATIONAL STANDARD BOOK NUMBER
International Standard Book Number 9781483179605
040 ## - CATALOGING SOURCE
Transcribing agency DDC
082 ## - DEWEY DECIMAL CLASSIFICATION NUMBER
Classification number QY25 B171m 1961
100 ## - MAIN ENTRY--PERSONAL NAME
Personal name Baker, F.G.; Silverston, R.E.; Luckcock, Eveline
9 (RLIN) 16655
245 ## - TITLE STATEMENT
Title An introduction to Medical Laboratory Technology
250 ## - EDITION STATEMENT
Edition statement 2nd ed.
260 ## - PUBLICATION, DISTRIBUTION, ETC. (IMPRINT)
Place of publication, distribution, etc. England; Butterworth, 1961
300 ## - PHYSICAL DESCRIPTION
Extent xiv,408p. ill: 22cm
500 ## - GENERAL NOTE
General note References, glossary, notes, & index included
650 ## - SUBJECT ADDED ENTRY--TOPICAL TERM
Topical term or geographic name as entry element Medical laboratory
9 (RLIN) 16656
650 ## - SUBJECT ADDED ENTRY--TOPICAL TERM
Topical term or geographic name as entry element Clinical pathology
9 (RLIN) 1928
942 ## - ADDED ENTRY ELEMENTS (KOHA)
Source of classification or shelving scheme Other/Generic Classification Scheme
Koha item type Open Shelf
Holdings
Withdrawn status Lost status Source of classification or shelving scheme Damaged status Not for loan Home library Current library Date acquired Source of acquisition Inventory number Total Checkouts Full call number Barcode Date last seen Koha item type
    Other/Generic Classification Scheme     MUST Main Library MUST Main Library 27/09/2023 Purchase 23/42170   QY25 B171m 1961 2023-0513 27/09/2023 Open Shelf
    Other/Generic Classification Scheme     MUST Main Library MUST Main Library 27/09/2023 Purchase 23/42221   QY25 B171m 1961 2023-0514 27/09/2023 Open Shelf